000 01401cam a22003617a 4500
003 CHAP
005 20220329142407.0
008 001114d2000 mx r 00110 spa d
010 _a82815
011 _a83787
035 _a94303
040 _cCHAP
090 _aTesis
100 0 0 _aGonzález Tapia, Laura Anayensy.
_949441
245 1 0 _aEstudio de mercadeo para determinar el grado de aceptación de la carne de conejo en la ciudad de Texcoco, Estado de México
_c/por Laura Anayensy González Tapia
260 _aChapingo, Méx. :
_bEl autor,
_c2000.
300 _a209 h. :
_bgráfs.
502 _aTesis (Lic. en Administración de Empresas Agropecuarias) -- UACH. División de Ciencias Económico-Administrativas
590 _aALEPH
_b10
_c20130110
_lUCH01
_h1439
590 _aBATCH-UPD
_b10
_c20130110
_lUCH01
_h0724
590 _aBATCH-UPD
_b10
_c20130410
_lUCH01
_h0408
590 _aBATCH-UPD
_b10
_c20130914
_lUCH01
_h0849
590 _aCONVERSION
_b10
_c20130109
_lUCH01
_h1346
650 1 4 _aCarne de conejo
_xIndustria.
_919145
650 1 4 _aCarne de conejo
_xMercadeo
_xMéxico (Edo.)
_919148
650 1 4 _aCarne de conejo
_xProducción.
_919149
650 1 4 _aCunicultura.
_930449
901 _aBK
905 _aPatricia Mendoza P.
942 _cFOLL
949 _bBC
_cTES
_d33724000800827
_eTS2
_fc.2
_h37354
_i94303
_kDonaciØn
_si
949 _bBC
_cTES
_d943031
_eTS1
_h37353
_i94303
_kDonaciØn
_sb
999 _c82815
_d82815